| 000 | 00661nam a2200301Ia 4500 | ||
|---|---|---|---|
| 005 | 20260401122304.0 | ||
| 008 | 008 250103s9999 xx 000 0 eng d | ||
| 020 | _a8175962607 | ||
| 037 | _aTB | ||
| 040 | _aEDL | ||
| 040 | _beng | ||
| 040 | _cEDL | ||
| 041 | _2eng | ||
| 041 | _aeng | ||
| 084 | _aIn822.3 CHA | ||
| 084 | _qEDL | ||
| 100 |
_aChaudhuri, Asha Kuthari _91233137 |
||
| 245 | 0 | _aMahesh Dattani | |
| 245 | 0 | _cChaudhuri, Asha Kuthari | |
| 260 | _aDelhi | ||
| 260 | _bFoundation Books | ||
| 260 | _c2005 | ||
| 300 | _a147p | ||
| 942 | _cTB | ||
| 942 | _hIn822.3 CHA | ||
| 999 |
_c1846249 _d1846249 |
||